Викторина по карте городов Европы - Statistics

General Stats
  • This quiz has been taken 847 times
  • The average score is 19 of 36
Answers on the Map
Answers color-coded by a green-red scale on the quiz's map according to % correct below.
 
Answer Stats
Answer % Correct
Киев
70%
Москва
69%
Лондон
68%
Париж
64%
Лиссабон
64%
Санкт-Петербург
63%
Варшава
61%
Дублин
60%
Берлин
60%
Афины
60%
Рейкьявик
59%
Мадрид
58%
Рим
58%
Барселона
57%
Амстердам
57%
Осло
57%
Хельсинки
57%
Брюссель
53%
Стокгольм
53%
Милан
52%
Копенгаген
52%
Прага
51%
Мюнхен
50%
Вена
50%
Белград
49%
Манчестер
47%
Марсель
47%
Бухарест
47%
Эдинбург
46%
Будапешт
46%
Сараево
44%
Неаполь
42%
Палермо
39%
Дюссельдорф
39%
Женева
38%
Севилья
35%
No matching quizzes found
Score Distribution
Percent of People with Each Score
Percentile by Number Answered
Your Score History
You have not taken this quiz